[Event "EU-ch U14 Girls 30th"]
[Site "Antalya"]
[Date "2022.11.12"]
[Round "7"]
[White "Arzur, Maia"]
[Black "Susin, Derya Defne"]
[Result "1-0"]
[WhiteElo "1808"]
[BlackElo "1396"]
[PlyCount "56"]
[EventDate "2022.11.06"]
[EventType "swiss"]
[EventRounds "9"]
[EventCountry "TUR"]
[SourceTitle "EXT 2024"]
[Source "ChessBase"]
[SourceDate "2023.10.10"]
[SourceVersion "1"]
[SourceVersionDate "2023.10.10"]
[SourceQuality "1"]

1. e4 c5 2. Nf3 e6 3. d4 cxd4 4. Nxd4 Nf6 5. Nc3 Nc6 6. Nxc6 bxc6 7. e5 Nd5 8. Ne4 Qc7 9. f4 Ba6 10. c4 Nb6 11. b3 Rd8 12. Nd6+ Bxd6 13. exd6 Qb7 14. Be3 0-0 15. Bd3 c5 16. Qc2 f5 17. Bxc5 Rc8 18. Bd4 Nd5 19. Qd2 Nf6 20. 0-0 Qc6 21. c5 Ne4 22. Bxe4 Qxe4 23. Rfe1 Qd5 24. Qb2 Rf7 25. Re3 Re8 26. b4 Bb7 27. a4 Rb8 28. b5 g5 1-0

[Event "EU-ch U14 Girls 30th"]
[Site "Antalya"]
[Date "2022.11.06"]
[Round "1"]
[White "Arzur, Maia"]
[Black "Petrenko, Maryna"]
[Result "1-0"]
[WhiteElo "1808"]
[BlackElo "1507"]
[PlyCount "63"]
[EventDate "2022.11.06"]
[EventType "swiss"]
[EventRounds "9"]
[EventCountry "TUR"]
[SourceTitle "CBM 211 Extra"]
[Source "ChessBase"]
[SourceDate "2023.01.31"]
[SourceVersion "1"]
[SourceVersionDate "2023.01.31"]
[SourceQuality "1"]

1. e4 e5 2. Nf3 Nc6 3. Bc4 Bc5 4. 0-0 d6 5. c3 Nf6 6. d3 h6 7. a4 a6 8. Nbd2 Ba7 9. Re1 0-0 10. h3 Nh5 11. Nf1 Qf6 12. Ne3 Ne7 13. Nxe5 Qxe5 14. d4 Qxe4 15. Nd5 Qh4 16. Nxe7+ Kh7 17. Qd3+ f5 18. Be6 Bxe6 19. Rxe6 Nf4 20. Bxf4 Qxf4 21. Ng6 Qg5 22. Nxf8+ Rxf8 23. Rae1 h5 24. Re7 Bb6 25. b4 a5 26. R7e6 Rf7 27. b5 h4 28. Qf3 g6 29. Qxb7 Qd2 30. Qf3 Qa2 31. Qf4 Kg7 32. Qg5 1-0

[Event "Wch U14 Girls"]
[Site "Mamaia"]
[Date "2022.09.16"]
[Round "11"]
[White "Nguyen, Ngoc Hien1111"]
[Black "Arzur, Maia"]
[Result "1-0"]
[WhiteElo "1377"]
[BlackElo "1855"]
[PlyCount "81"]
[EventDate "2022.09.06"]
[EventType "swiss"]
[EventRounds "11"]
[EventCountry "ROU"]
[SourceTitle "CBM 210 Extra"]
[Source "ChessBase"]
[SourceDate "2022.11.30"]
[SourceVersion "1"]
[SourceVersionDate "2022.11.30"]
[SourceQuality "1"]

1. d4 d5 2. Nf3 Bf5 3. e3 Nf6 4. c4 e6 5. Nc3 Bb4 6. Qa4+ Nc6 7. Ne5 Bxc3+ 8. bxc3 0-0 9. Nxc6 bxc6 10. Ba3 Re8 11. Qxc6 Ne4 12. Rc1 dxc4 13. Qxc4 Qf6 14. Qe2 e5 15. h3 Rad8 16. g4 Bg6 17. Bg2 h5 18. 0-0 hxg4 19. hxg4 Qh4 20. Bb4 c5 21. Ba5 Rd7 22. Bxe4 Bxe4 23. f3 Bg6 24. dxc5 Bd3 25. Qf2 Qe7 26. Bb4 Rc7 27. Rfe1 e4 28. Rcd1 Rc6 29. Qg3 Rec8 30. Rd2 Rh6 31. Red1 a5 32. Ba3 g6 33. Rh2 Rxh2 34. Qxh2 Kg7 35. Qd6 Qg5 36. Qf4 Qd5 37. Rd2 Re8 38. c4 Qc6 39. Bb2+ f6 40. g5 Rf8 41. Bxf6+ 1-0

[Event "Wch U14 Girls"]
[Site "Mamaia"]
[Date "2022.09.13"]
[Round "8"]
[White "Arzur, Maia"]
[Black "Vasiljeva, Sofja"]
[Result "1/2-1/2"]
[WhiteElo "1855"]
[BlackElo "1681"]
[PlyCount "197"]
[EventDate "2022.09.06"]
[EventType "swiss"]
[EventRounds "11"]
[EventCountry "ROU"]
[SourceTitle "CBM 210 Extra"]
[Source "ChessBase"]
[SourceDate "2022.11.30"]
[SourceVersion "1"]
[SourceVersionDate "2022.11.30"]
[SourceQuality "1"]

1. e4 e5 2. Nf3 Nc6 3. Bb5 Nf6 4. 0-0 Nxe4 5. d4 Nd6 6. Bxc6 dxc6 7. dxe5 Nf5 8. Qe2 Be7 9. Rd1 Bd7 10. Nc3 0-0 11. g4 Nh4 12. Nxh4 Bxh4 13. g5 Bxg5 14. Rxd7 Qxd7 15. Bxg5 Rfe8 16. Re1 Re6 17. Qg4 h5 18. Qxh5 Rg6 19. e6 Rxe6 20. Rxe6 Qxe6 21. Bf4 Rd8 22. Qg5 Rd4 23. Bg3 f5 24. h3 b5 25. Bf4 b4 26. Be3 Rd6 27. Ne2 Qc4 28. Ng3 Rd1+ 29. Kh2 Qd5 30. Qf4 Rb1 31. Qd4 Qxd4 32. Bxd4 g6 33. Ne2 a5 34. Nf4 Rd1 35. Be3 g5 36. Ne6 f4 37. Bd4 Rd2 38. Kg2 a4 39. Bc5 Rxc2 40. Bxb4 Rxb2 41. a3 Rc2 42. Nc5 Kf7 43. Nxa4 Ke6 44. Kf3 Kd5 45. Nc3+ Kd4 46. Ne2+ Kd5 47. Be7 c5 48. Bxg5 c4 49. Bxf4 Rb2 50. Bxc7 Rb3+ 51. Kg4 Rxa3 52. Bf4 Ke4 53. Ng3+ Kd3 54. Kf3 c3 55. Ne2 Ra8 56. h4 Rh8 57. Nxc3 Rxh4 58. Ne4 Rh3+ 59. Bg3 Rh8 60. Bf4 Rh3+ 61. Ng3 Rh8 62. Kg4 Rf8 63. f3 Kd4 64. Nf5+ Kd3 65. Be5 Ke2 66. f4 Kf2 67. Kg5 Kf3 68. Bd6 Rd8 69. Be5 Rg8+ 70. Ng7 Ke4 71. Bf6 Rb8 72. Be5 Rb1 73. Kf6 Rf1 74. f5 Rg1 75. Ne6 Rf1 76. Ng5+ Kd5 77. Nf7 Ke4 78. Ke6 Rxf5 79. Nd6+ Kf3 80. Kxf5 Kg2 81. Kg4 Kf2 82. Nf5 Kg2 83. Bd4 Kh2 84. Kf3 Kh1 85. Be5 Kg1 86. Bg3 Kh1 87. Bf2 Kh2 88. Ng3 Kh3 89. Nf5 Kh2 90. Bg3+ Kg1 91. Kg4 Kg2 92. Ne3+ Kh1 93. Bf2 Kh2 94. Kf3 Kh1 95. Nd5 Kh2 96. Nf6 Kh1 97. Nh5 Kh2 98. Ng3 Kh3 99. Bg1 1/2-1/2

[Event "Wch U14 Girls"]
[Site "Mamaia"]
[Date "2022.09.06"]
[Round "1"]
[White "Sana, Omprakash Kayyar"]
[Black "Arzur, Maia"]
[Result "0-1"]
[WhiteElo "1465"]
[BlackElo "1855"]
[PlyCount "82"]
[EventDate "2022.09.06"]
[EventType "swiss"]
[EventRounds "11"]
[EventCountry "ROU"]
[SourceTitle "CBM 210 Extra"]
[Source "ChessBase"]
[SourceDate "2022.11.30"]
[SourceVersion "1"]
[SourceVersionDate "2022.11.30"]
[SourceQuality "1"]

1. e4 c5 2. Nf3 d6 3. d4 cxd4 4. Nxd4 Nf6 5. Nc3 a6 6. Be2 e5 7. Nb3 Be7 8. Be3 Be6 9. f3 Qc7 10. Qd2 h5 11. h4 Nbd7 12. Bg5 b5 13. a3 Nb6 14. Na5 Rc8 15. Rc1 Nbd7 16. Nb3 Nc5 17. Na1 Qb6 18. Be3 Qc6 19. Bg5 Qb7 20. b4 Ncd7 21. Nb3 Qc7 22. Nd1 Nb6 23. Na5 d5 24. Nf2 Nc4 25. Nxc4 dxc4 26. c3 0-0 27. g4 hxg4 28. fxg4 a5 29. Qe3 axb4 30. axb4 Qb7 31. Bxf6 Bxf6 32. g5 Bd8 33. h5 Bb6 34. Qg3 Bxf2+ 35. Kxf2 Qxe4 36. Bf3 Qf5 37. Rh4 Bd5 38. Rg4 Rfd8 39. Rd1 Bxf3 40. Rxd8+ Rxd8 41. Qxf3 Rd2+ 0-1

[Event "FRA-ch U14 Girls"]
[Site "Agen"]
[Date "2022.04.24"]
[Round "9"]
[White "Arzur, Maia"]
[Black "Fesigny, Oceane"]
[Result "1-0"]
[WhiteElo "1855"]
[BlackElo "1606"]
[PlyCount "93"]
[EventDate "2022.04.16"]
[EventType "swiss"]
[EventRounds "9"]
[EventCountry "FRA"]
[SourceTitle "EXT 2023"]
[Source "ChessBase"]
[SourceDate "2022.10.05"]
[SourceVersion "1"]
[SourceVersionDate "2022.10.05"]
[SourceQuality "1"]

1. e4 e5 2. Nf3 Nc6 3. Bc4 Bc5 4. c3 Nf6 5. d3 a6 6. 0-0 Ba7 7. Bb3 d6 8. Nbd2 0-0 9. h3 Be6 10. Bxe6 fxe6 11. Re1 Qd7 12. Nf1 Ne7 13. Ng3 Ng6 14. d4 exd4 15. cxd4 Rae8 16. Bd2 Kh8 17. Qb3 Qc6 18. Rac1 Qb6 19. Qa3 c5 20. Be3 Rc8 21. e5 Nd5 22. exd6 Nxe3 23. dxc5 Rxc5 24. Rxc5 Qxc5 25. Qxe3 Qxe3 26. fxe3 Bc5 27. Ne4 Bb6 28. Nfg5 e5 29. d7 Ne7 30. Ne6 Rb8 31. Rd1 Nc6 32. Kf2 Kg8 33. Nd6 Nd8 34. Nxd8 Rxd8 35. Nxb7 Rf8+ 36. Ke2 Bd8 37. Nxd8 Rxd8 38. Kf3 Kf7 39. Ke4 Ke6 40. Rd5 Kf6 41. Rd6+ Ke7 42. Kxe5 Rxd7 43. Rxd7+ Kxd7 44. b4 Kc6 45. a4 g5 46. e4 h5 47. Kf6 1-0

[Event "Trophee Roza Lallemand Online"]
[Site "Tornelo INT"]
[Date "2020.12.13"]
[Round "4"]
[White "Arzur, Maia"]
[Black "Daif, Sarah"]
[Result "1-0"]
[WhiteElo "1643"]
[BlackElo "1741"]
[PlyCount "95"]
[EventDate "2020.12.13"]
[EventType "swiss (rapid)"]
[EventRounds "9"]
[EventCountry "USA"]
[SourceTitle "EXT 2022"]
[Source "ChessBase"]
[SourceDate "2021.10.06"]
[SourceVersion "1"]
[SourceVersionDate "2021.10.06"]
[SourceQuality "1"]

1. e4 e5 2. Nf3 Nc6 3. Bc4 Bc5 4. c3 Nf6 5. d3 d6 6. 0-0 a6 7. Re1 Be6 8. Bb3 Bg4 9. Nbd2 Qd7 10. Nf1 0-0-0 11. Ng3 Nh5 12. Nxh5 Bxh5 13. Be3 Bxe3 14. fxe3 f5 15. exf5 Qxf5 16. e4 Qf4 17. Rf1 Kb8 18. Qd2 Bxf3 19. Qxf4 exf4 20. Rxf3 g5 21. d4 Rde8 22. Bc2 Rhf8 23. Raf1 Ne7 24. g3 Ng6 25. gxf4 Rxf4 26. Rxf4 Nxf4 27. Kf2 Ka7 28. Ke3 Kb6 29. h4 Ng2+ 30. Kd2 Nxh4 31. Rf7 Rh8 32. e5 dxe5 33. dxe5 h5 34. e6 Re8 35. e7 g4 36. Rh7 g3 37. Ke2 Ng2 38. Be4 Nf4+ 39. Kf3 Ne6 40. Rh6 Rxe7 41. Bf5 Rg7 42. Rxe6+ c6 43. Rg6 Rf7 44. Ke4 h4 45. Rg4 Re7+ 46. Kf3 Rf7 47. Kf4 Rg7 48. Rxg7 1-0

[Event "Wch FIDE Online U12 Girls Europe qual"]
[Site "Tornelo INT"]
[Date "2020.12.07"]
[Round "1"]
[White "Haapsal, Maria Ioanna"]
[Black "Arzur, Maia"]
[Result "0-1"]
[WhiteElo "1277"]
[BlackElo "1427"]
[PlyCount "52"]
[EventDate "2020.12.07"]
[EventType "swiss (rapid)"]
[EventRounds "7"]
[EventCountry "ISS"]
[SourceTitle "EXT 2022"]
[Source "ChessBase"]
[SourceDate "2021.10.06"]
[SourceVersion "1"]
[SourceVersionDate "2021.10.06"]
[SourceQuality "1"]

1. e4 e5 2. Nf3 Nc6 3. Bb5 a6 4. Bxc6 dxc6 5. 0-0 Bg4 6. h3 h5 7. d3 Qf6 8. Nbd2 Ne7 9. b3 Ng6 10. Bb2 Bd6 11. a3 Nf4 12. h4 0-0-0 13. b4 Rhe8 14. Bc1 c5 15. Rb1 cxb4 16. axb4 Rg8 17. g3 Ne6 18. Kg2 g5 19. hxg5 Nxg5 20. c4 h4 21. Rh1 h3+ 22. Kh2 Nxf3+ 23. Nxf3 Bxf3 24. Qe1 Bxh1 25. Qxh1 Qxf2+ 26. Qg2 Qxg2# 0-1

[Event "EU-ch Online U12 Girls"]
[Site "Tornelo INT"]
[Date "2020.09.20"]
[Round "9"]
[White "Gaszka, Zuzanna"]
[Black "Arzur, Maia"]
[Result "1/2-1/2"]
[WhiteElo "1270"]
[BlackElo "1427"]
[PlyCount "92"]
[EventDate "2020.09.18"]
[EventType "swiss (rapid)"]
[EventRounds "9"]
[EventCountry "NET"]
[SourceTitle "EXT 2023"]
[Source "ChessBase"]
[SourceDate "2022.10.05"]
[SourceVersion "1"]
[SourceVersionDate "2022.10.05"]
[SourceQuality "1"]
[WhiteTeam "Poland"]
[BlackTeam "France"]
[WhiteTeamCountry "POL"]
[BlackTeamCountry "FRA"]

1. e4 e5 2. Nf3 Nc6 3. d4 exd4 4. Bc4 Nf6 5. 0-0 Nxe4 6. Re1 d5 7. Bxd5 Qxd5 8. Nc3 Qh5 9. Nxe4 Be6 10. Bg5 Bd6 11. Nxd6+ cxd6 12. Bf4 d5 13. Nxd4 Qxd1 14. Raxd1 Nxd4 15. Rxd4 0-0 16. Be5 Rfe8 17. c3 f6 18. Bg3 Bf7 19. Kf1 g6 20. f3 Kg7 21. Rb4 b6 22. Bf2 Rac8 23. Ra4 Rc7 24. Rxe8 Bxe8 25. Rd4 Bc6 26. Ke2 Re7+ 27. Kd2 Kf7 28. a4 h5 29. h4 a6 30. Rb4 b5 31. a5 g5 32. b3 Kg6 33. hxg5 fxg5 34. c4 Re6 35. Kd3 dxc4+ 36. bxc4 bxc4+ 37. Kxc4 Bb5+ 38. Kc3 Re2 39. Rb2 Rxb2 40. Kxb2 h4 41. Kc3 Kf5 42. Kd4 Kf4 43. Be3+ Kg3 44. Bxg5 Kxg2 45. Bxh4 Kxf3 46. Kc5 Ke3 1/2-1/2

[Event "EU-ch Online U12 Girls"]
[Site "Tornelo INT"]
[Date "2020.09.18"]
[Round "3"]
[White "Arzur, Maia"]
[Black "Tsetskhladze, Mariam"]
[Result "0-1"]
[WhiteElo "1427"]
[BlackElo "1095"]
[PlyCount "98"]
[EventDate "2020.09.18"]
[EventType "swiss (rapid)"]
[EventRounds "9"]
[EventCountry "NET"]
[SourceTitle "EXT 2023"]
[Source "ChessBase"]
[SourceDate "2022.10.05"]
[SourceVersion "1"]
[SourceVersionDate "2022.10.05"]
[SourceQuality "1"]
[WhiteTeam "France"]
[BlackTeam "Georgia"]
[WhiteTeamCountry "FRA"]
[BlackTeamCountry "GEO"]

1. e4 e5 2. Nf3 d6 3. Bc4 Be7 4. d3 Nf6 5. c3 0-0 6. 0-0 Be6 7. Bb3 h6 8. Re1 c5 9. Nbd2 Nc6 10. Nf1 Qc7 11. Ng3 Rad8 12. Be3 d5 13. exd5 Nxd5 14. Ne4 Nxe3 15. Rxe3 c4 16. Bc2 f5 17. Ned2 cxd3 18. Rxd3 Rxd3 19. Bxd3 e4 20. Qe2 Bf7 21. Bc4 exf3 22. Nxf3 Bf6 23. Bxf7+ Qxf7 24. Rd1 Re8 25. Qc2 Qxa2 26. Qxf5 Qe6 27. Qb5 Qe2 28. Qb3+ Kh8 29. h3 Na5 30. Qa4 b5 31. Qa1 Nb3 32. Qb1 Rd8 33. Re1 Qd3 34. Qa2 Nd2 35. Nxd2 Qxd2 36. Ra1 Be5 37. g3 Rf8 38. Qxa7 Qxb2 39. Ra2 Qxc3 40. Qe7 Rc8 41. Re2 Bf6 42. Qd7 Qc1+ 43. Kh2 Qc4 44. Re1 b4 45. Qb7 b3 46. Rb1 b2 47. Re1 Qc3 48. Qd7 Qc2 49. Re2 b1Q 0-1

[Event "EU-ch Online U12 Girls"]
[Site "Tornelo INT"]
[Date "2020.09.18"]
[Round "1"]
[White "Arzur, Maia"]
[Black "Waage, Oline Sundby"]
[Result "1-0"]
[WhiteElo "1427"]
[BlackElo "1081"]
[PlyCount "105"]
[EventDate "2020.09.18"]
[EventType "swiss (rapid)"]
[EventRounds "9"]
[EventCountry "NET"]
[SourceTitle "EXT 2023"]
[Source "ChessBase"]
[SourceDate "2022.10.05"]
[SourceVersion "1"]
[SourceVersionDate "2022.10.05"]
[SourceQuality "1"]
[WhiteTeam "France"]
[BlackTeam "Norway"]
[WhiteTeamCountry "FRA"]
[BlackTeamCountry "NOR"]

1. e4 c5 2. Nf3 d6 3. d4 cxd4 4. Nxd4 e5 5. Nb5 Nf6 6. N1c3 a6 7. Na3 Be7 8. Nc4 b5 9. Ne3 0-0 10. Ned5 Bb7 11. Nxf6+ Bxf6 12. Nd5 Re8 13. c4 Nd7 14. Be3 Bxd5 15. Qxd5 bxc4 16. Bxc4 Rf8 17. Qxd6 Nb8 18. Qxd8 Rxd8 19. Bd5 Nd7 20. Bxa8 Rxa8 21. 0-0 Rb8 22. Rac1 h6 23. b3 Be7 24. Rc7 Rd8 25. Rd1 Nf6 26. Rxd8+ Bxd8 27. Rc8 Nxe4 28. Rxd8+ Kh7 29. Ra8 Nc3 30. Rxa6 Nd5 31. Ra5 Nc3 32. f3 f6 33. Kf2 Kg6 34. f4 e4 35. f5+ Kh7 36. Bd4 Nb1 37. Ke3 h5 38. Bb2 Kh6 39. Rc5 Kh7 40. Rc1 Kh6 41. Rxb1 Kg5 42. Kxe4 g6 43. fxg6 Kxg6 44. Rf1 Kf7 45. Rxf6+ Ke7 46. Ra6 h4 47. Kd5 Kd7 48. Ra7+ Ke8 49. Kd6 Kf8 50. Ke6 Kg8 51. Kf6 h3 52. g3 Kf8 53. Ra8# 1-0

[Event "EU-ch U10 Girls"]
[Site "Bratislava"]
[Date "2019.08.07"]
[Round "6"]
[White "Ismayilova, Khanim"]
[Black "Arzur, Maia"]
[Result "0-1"]
[WhiteElo "1265"]
[BlackElo "1507"]
[PlyCount "120"]
[EventDate "2019.08.02"]
[EventType "swiss"]
[EventRounds "9"]
[EventCountry "SVK"]
[SourceTitle "EXT 2020"]
[Source "ChessBase"]
[SourceDate "2019.10.17"]
[SourceVersion "1"]
[SourceVersionDate "2019.10.17"]
[SourceQuality "1"]

1. d4 d5 2. Bf4 Nc6 3. Nf3 Nf6 4. e3 a6 5. c3 Bf5 6. Bd3 Bg6 7. Bc2 e6 8. Nbd2 Bd6 9. Ne5 Bxe5 10. Bxe5 Nxe5 11. dxe5 Nd7 12. Nf3 Bh5 13. Qd4 c5 14. Qf4 Bxf3 15. gxf3 Qc7 16. Rg1 g6 17. 0-0-0 Qxe5 18. Qh4 Qf6 19. Qg3 0-0-0 20. e4 Nb6 21. e5 Qe7 22. f4 Nd7 23. Rge1 c4 24. h4 h5 25. Ba4 b5 26. Bc2 a5 27. Rh1 Rhg8 28. Qe3 Qc5 29. Rhg1 b4 30. Ba4 Qxe3+ 31. fxe3 Nc5 32. Bc2 Kc7 33. Kd2 Rb8 34. Rb1 Kd7 35. Rgc1 b3 36. axb3 Nxb3+ 37. Bxb3 Rxb3 38. Rc2 Ke7 39. Ra1 Ra8 40. Ra4 Rab8 41. Rxa5 Rxb2 42. Ra1 Rb1 43. Rxb1 Rxb1 44. Rc1 Rxc1 45. Kxc1 f6 46. Kd2 fxe5 47. fxe5 Kf7 48. Ke2 g5 49. hxg5 Kg6 50. Kf3 Kxg5 51. e4 dxe4+ 52. Kxe4 h4 53. Kf3 Kf5 54. Kg2 Kxe5 55. Kh3 Ke4 56. Kxh4 Kd3 57. Kg3 Kxc3 58. Kf3 Kd2 59. Kf2 c3 60. Kf3 c2 0-1

[Event "EU-ch U10 Girls"]
[Site "Bratislava"]
[Date "2019.08.05"]
[Round "4"]
[White "Alieva, Mirayi"]
[Black "Arzur, Maia"]
[Result "0-1"]
[WhiteElo "1029"]
[BlackElo "1507"]
[PlyCount "106"]
[EventDate "2019.08.02"]
[EventType "swiss"]
[EventRounds "9"]
[EventCountry "SVK"]
[SourceTitle "EXT 2020"]
[Source "ChessBase"]
[SourceDate "2019.10.17"]
[SourceVersion "1"]
[SourceVersionDate "2019.10.17"]
[SourceQuality "1"]

1. e4 Nf6 2. Nc3 e5 3. Nf3 Nc6 4. Bc4 Bc5 5. 0-0 d6 6. d3 h6 7. a3 Bg4 8. h3 Bh5 9. Be3 Bb6 10. Na4 Qd7 11. Nxb6 axb6 12. b4 0-0 13. c3 Rad8 14. Qe2 Rfe8 15. a4 d5 16. exd5 Nxd5 17. Bxd5 Qxd5 18. Rad1 Ra8 19. b5 Nd8 20. c4 Qe6 21. Ra1 e4 22. dxe4 Qxe4 23. Rfc1 Ne6 24. Rd1 Nf4 25. Qd2 Nxg2 26. Kxg2 Bxf3+ 27. Kf1 Bxd1 28. Rxd1 Qxc4+ 29. Kg1 Qxa4 30. Rb1 Qa2 31. Qc1 Qe6 32. Qxc7 Qg6+ 33. Qg3 Qxb1+ 34. Kg2 Qe4+ 35. Kh2 Ra3 36. Qg1 Rxe3 37. fxe3 Qxe3 38. Qxe3 Rxe3 39. Kg2 Rb3 40. Kh2 Rxb5 41. Kg3 Rc5 42. Kf3 b5 43. Ke4 b4 44. Kd4 Rc8 45. h4 b3 46. h5 b2 47. Ke5 b1Q 48. Kd4 Qd1+ 49. Ke5 Re8+ 50. Kf4 Qf1+ 51. Kg3 Re2 52. Kh4 Rg2 53. Kh3 Qh1# 0-1